000 00303nam a22001337a 4500
008 171019b xxu||||| |||| 00| 0 eng d
020 _a9780072485813
041 _aeng
080 _25 ED
_a338
100 _a53
101 _aMEN
245 _aINTERNATIONAL MANAGAMENT
_cMORRISON.M
942 _2udc
_cBK
999 _c34858
_d34858